000 00416nam a22001457a 4500
999 _c109191
_d109191
005 20181129112947.0
008 181129b ||||| |||| 00| 0 eng d
020 _a8172920636
040 _cPK-LaUMT
082 _aRHC 297.74092
_bABD-M
100 _aAbdul Mughni
245 _aMahmood Ghaznavi(محمود غزنوی)/
_cAbdul Mughni
260 _aدہلی؛
_bمرکزی مکتبہ اسلامی
_c1993
942 _cBK